000 00569nam a2200193 4500
001 122079
003 ES-MaACL
005 20230906191914.0
007 t|
008 070214s1967 sp r ||||1| spa d
245 0 0 _aPoemas del `Reina Amalia` 81
_b: ; y III Concurso de narraciones.
260 _aPalma :
_bOctavio Aguilera,
_c1967.
300 _a16 h. :
_bil. ;
_c17 cm.
490 1 _aBajarí ;
_v122-124
740 0 _aIII Concurso de narraciones.
830 0 _aBajarí ;
_v122-124
_9218816
852 _aES-MaACL
_j2119-F-1
_bR.101975
999 _c122079
_d122079